000 01084aam a2200361 4500
005 20231117105716.0
008 150605b2012 xxu||||| |||| 00| 0 spa d
020 _a9788496334687
041 _aESP
082 _a629.892 D948a
100 _aDurán Moyano, Jose Luis
100 _aMartínez García, Herminio
_942540
100 _aGámiz Caro, Juan
100 _aDomingo Peña, Joan
_942594
100 _aGrau Saldes, Antoni
245 _aAutomatismos eléctricos e industriales
260 _aEspaña
260 _bLexus Editores
260 _c2012
300 _a240 páginas
440 _aElectricidad y Electrónica
650 _aAUTÓMATAS
650 _aAUTOMATISMOS ELÉCTRICOS
650 _aMAGNITUDES ELÉCTRICAS
650 _aLENGUAJE DE LOS AUTOMATISMOS
650 _aMANDO DE MÁQUINAS ELÉCTRICAS
650 _aREGULACIÓN DE MÁQUINAS ELÉCTRICAS
650 _aELEMENTOS DE SEÑALIZACIÓN
650 _aMECÁNICA BÁSICA
650 _aCUADROS ELÉCTRICOS
942 _cBK
_2ddc
999 _c2640
_d2640